[Event "MCR senioru 2020 nad 70 let"]
[Site "Rychnov n. K."]
[Date "2020.08.09"]
[Round "2"]
[White "Tobiska, Jaroslav"]
[Black "Sedlacek, Jan"]
[Result "0-1"]
[WhiteElo "1522"]
[BlackElo "1847"]
[EventDate "2020.08.08"]

1. e4  c5  2. Nf3  d6
3. Be2  Nc6  4. Nc3
Nf6  5. d3  e6
6. O-O  Be7  7. a3  a6
8. d4  cxd4  9. Nxd4
Qc7  10. Bf3  O-O
11. Nxc6  bxc6  12. Re1
e5  13. Ne2  Be6
14. Ng3  d5  15. c3
Rfd8  16. Qc2  Nd7
17. Nf5  Bxf5  18. exf5
Bd6  19. g3  e4
20. Bg4  Ne5  21. Be2  Qd7
22. f6  gxf6  23. Rf1
Re8  24. f3  f5
25. f4  Ng6  26. Be3  Qe7
27. c4  Bc5  28. Bxc5
Qxc5+  29. Kg2  d4
30. b4  Qe7  31. Rfe1
Qb7  32. Qb2  Rad8
33. Rad1  d3  34. Bxd3
exd3  35. Rxe8+  Rxe8
36. Rxd3  c5+  37. Kh3
Qe4  38. Qc3  Qe2
39. Rf3  Re4  40. Qd3
Qxd3  41. Rxd3  Rxc4
42. Rd8+  Kg7  43. Rc8
Rc3  44. Kg2  cxb4
0-1

[Event "MCR senioru 2020 nad 80 let"]
[Site "Rychnov n. K."]
[Date "2020.08.09"]
[Round "2"]
[White "Vlasak, Ladislav"]
[Black "Jacek, Miloslav"]
[Result "0-1"]
[WhiteElo "1765"]
[BlackElo "1938"]
[EventDate "2020.08.08"]

1. e4 c5  2. Nc3  d6  3. g3
g6  4. Bg2  Bg7
5. d3  Nc6  6. Be3  Rb8
7. Qd2  b5  8. a3
a5  9. Nd1  Nd4
10. Ne2  Bg4  11. Bxd4  cxd4
12. h3  Bd7  13. c3
dxc3  14. Ndxc3  e6
15. O-O  Ne7  16. Kh2
O-O  17. d4  Qb6
18. f4  b4  19. axb4
Qxb4  20. e5  d5
21. Ra2  Bb5  22. Rfa1
Nc6  23. Qd1  Bc4
24. Ra4  Qb6  25. Qd2
Rfc8  26. Bf1  Bb3
27. R4a3  Bf8  28. Na4
Bxa4 29. Rxa4 Qxb2  30. Qxb2 Rxb2 31. R1a2
Rcb8  32. h4  Rxa2
33. Rxa2  Rb1  34. Kg1
Rd1  35. Kf2  Bb4
36. Rc2  Nxd4  37. Rc8+
Kg7  38. Nxd4  Rxd4
39. Bb5  Rd2+  40. Kf3
Rb2  41. Rc7  Rb3+
42. Kf2  Be1+  0-1

[Event "MCR senioru 2020 nad 80 let"]
[Site "Rychnov n. K."]
[Date "2020.08.09"]
[Round "2"]
[White "Holecek, Vladimir"]
[Black "Prachar, Josef"]
[Result "1-0"]
[WhiteElo "1904"]
[BlackElo "1792"]
[EventDate "2020.08.08"]

1. e4  c5  2. Nf3  d6
3. d4  cxd4  4. Nxd4 Nf6 5. Nc3
a6  6. f3  e5
7. Nb3  Be6  8. Bg5  Be7
9. Qd2  Nbd7  10. O-O-O
Qc7  11. Kb1  b5
12. Bxf6 Nxf6 13. g4  h6  14. h4
Rb8  15. Nd5  Bxd5
16. exd5  Bd8  17. Be2
a5  18. f4  a4
19. Nc1  b4  20. fxe5  Ne4
21. Qe3  Nc3+  22. bxc3
bxc3+  23. Ka1  Qb6
24. Qxb6  Rxb6  25. Nd3
dxe5  26. Nxe5  Bf6
27. Nc4  Rb4  28. a3
1-0

[Event "MCR senioru 2020 nad 80 let"]
[Site "Rychnov n. K."]
[Date "2020.08.09"]
[Round "2"]
[White "Most, Zdenek"]
[Black "Hadamek, Miroslav"]
[Result "1-0"]
[WhiteElo "1978"]
[BlackElo "1649"]
[EventDate "2020.08.08"]

1. d4 d5 2. c4  c6  3. e3  Nf6
4. Nc3  e6  5. Nf3
Be7  6. Bd3  dxc4
7. Bxc4  Nd5  8. e4
Nxc3  9. bxc3  Nd7
10. O-O  Nf6  11. Qe2
O-O  12. Rd1  Qc7
13. Bg5  Bd7  14. Bd3
Rfe8  15. e5  Nd5
16. Bd2  f5  17. Rab1
b5  18. c4  bxc4
19. Bxc4  Rab8  20. h4
Rxb1  21. Rxb1  Rb8
22. Rxb8+  Qxb8  23. Bb3
Qb5  24. Kf1  Qxe2+ 25. Kxe2 c5
26. Bc4  cxd4  27. Nxd4
Bxh4  28. Nxf5  Bd8
29. Nd6  Bc7 30. Kd3  Bxd6
31. exd6  Bc6  32. Kd4
Kf7  33. Kc5 Bd7 34. Bxd5 exd5 35. Kxd5
Be6+  36. Kc6  Ke8
37. Kc7  Bd7  38. Bb4 1-0

[Event "MCR senioru 2020 nad 80 let"]
[Site "Rychnov n. K."]
[Date "2020.08.09"]
[Round "2"]
[White "Pokora, Lubomir"]
[Black "Vochozka, Jindrich"]
[Result "1-0"]
[WhiteElo "1732"]
[BlackElo "1747"]
[PlyCount "80"]
[EventDate "2020.08.08"]

1. b3 b6 2. Bb2 Bb7 3. e3 c5 4. f4 e6 5. Nf3 Nf6 6. Be2 Be7 7. O-O O-O 8. Re1
d5 9. d3 Nbd7 10. Nbd2 Qc7 11. g3 Rac8 12. Bf1 Rfd8 13. Qe2 Ne8 14. e4 dxe4 15.
dxe4 Nb8 16. e5 Rd7 17. c4 Rcd8 18. Rad1 g6 19. Qf2 Nc6 20. a3 Nd4 21. Nxd4
cxd4 22. Bg2 Ng7 23. Bxb7 Qxb7 24. g4 h5 25. h3 a5 26. Qf3 Qxf3 27. Nxf3 Bc5
28. Rd3 hxg4 29. hxg4 Ne8 30. Kf1 Nc7 31. Ke2 Kg7 32. Rh1 b5 33. Ng5 bxc4 34.
Rh7+ Kf8 35. bxc4 Ne8 36. Kd2 Be7 37. Rh8+ Kg7 38. Rdh3 Nf6 39. exf6+ Kxf6 40.
Ne4+ Kg7 1-0

[Event "MCR senioru 2020 nad 80 let"]
[Site "Rychnov n. K."]
[Date "2020.08.09"]
[Round "2"]
[White "Walter, Jaroslav"]
[Black "Matoulek, Jaroslav"]
[Result "1-0"]
[WhiteElo "1630"]
[BlackElo "1560"]
[EventDate "2020.08.08"]

1. e4  e5  2. Nc3  Nf6
3. Bc4  Be7  4. Nf3
d6  5. d4  exd4
6. Nxd4  O-O  7. O-O  a6
8. a3  b5  9. Ba2
Bb7  10. Re1  Re8
11. Bg5  Nbd7  12. Qe2
Kf8  13. Rad1  Ng8
14. Qf3  Bf6  15. Qh5
Ne5  16. f4  Ng6
17. Nd5  Bxg5  18. fxg5
c5  19. Nf5  c4
20. Qxh7 1-0

[Event "MCR senioru 2020 nad 50 let"]
[Site "Rychnov n. K."]
[Date "2020.08.10"]
[Round "3"]
[White "Pan, Vladimir"]
[Black "Mazanek, Kamil"]
[Result "1/2-1/2"]
[WhiteElo "2026"]
[BlackElo "2052"]
[EventDate "2020.08.08"]

1. d4  d5  2. Bf4  Nf6
3. e3  Bf5  4. Nf3
c6  5. Nbd2  e6
6. Be2  Qb6  7. Nb3  Nbd7
8. c3  h6  9. Qd2
Be7  10. Bd3  Bxd3
11. Qxd3 1/2-1/2

[Event "MCR senioru 2020 nad 50 let"]
[Site "Rychnov n. K."]
[Date "2020.08.10"]
[Round "3"]
[White "Kutak, Jaroslav"]
[Black "Richter, Martin"]
[Result "1/2-1/2"]
[WhiteElo "1217"]
[BlackElo "1952"]
[EventDate "2020.08.08"]

1. e4  e6  2. d4  d5
3. exd5  exd5  4. Nf3
Nc6  5. Bb5  Bg4
6. Bxc6+  bxc6  7. O-O
Bd6  8. Qd3  f6
9. c4  dxc4  10. Qe4+  Ne7
11. Qxg4  O-O  12. Qe6+
Kh8  13. Qxc4  g5
14. g3  Qe8  15. b3
Qh5  16. Nbd2  Nf5
17. Nxg5  fxg5 18. Ne4 1/2-1/2

[Event "MCR senioru 2020 nad 50 let"]
[Site "Rychnov n. K."]
[Date "2020.08.10"]
[Round "3"]
[White "Vorackova, Jarmila"]
[Black "Kucera, Jiri"]
[Result "0-1"]
[WhiteElo "1816"]
[BlackElo "2019"]
[EventDate "2020.08.08"]

1. d4  e6  2. c4  f5
3. Nc3  Nf6  4. e3
Be7  5. Be2  O-O
6. Nf3  d6  7. O-O
a5  8. b3  Qe8
9. Qc2  Na6  10. a3  Bd7
11. e4  fxe4  12. Nxe4
c6  13. Bg5  Nxe4
14. Qxe4  Bf6  15. Bd3
Qh5  16. Bxf6  Rxf6
17. Qh4  Qxh4  18. Nxh4
c5  19. Nf3  Bc6
20. Ng5  cxd4  21. Bxh7+
Kf8  22. Bc2  Ke7
23. Rad1  e5  24. Rfe1
Kd7  25. f3  b5
26. Ne4  Rff8  27. Nd2  Nc5
28. b4  axb4  29. axb4
Na4  30. c5  Nc3
31. Ra1  Ra2  32. Rxa2
Nxa2  33. Ra1  Nxb4
34. Ra7+  Kd8  35. Be4
dxc5  36. Kf2  c4
37. Bxc6  Nxc6  38. Rb7
c3  39. Nb3  e4
40. Rxb5  d3  41. Ke3  exf3
42. gxf3  d2  43. Nxd2
cxd2  44. Rd5+  Ke7
45. Rxd2  Ne5  46. Rf2
Ke6  47. Ke4  g5
48. h3  Rf4+  49. Ke3
Kf5  50. Rf1  Rh4
51. Rh1  Ng6  52. Kf2
Kf4  53. Kg2  Ne5
54. Rf1  Rh6  55. Rf2
Rd6  56. Ra2  Nxf3
57. Ra4+  Rd4  58. Ra8
Rd2+  59. Kf1  Kg3
60. Rh8  Rf2# 0-1

[Event "MCR senioru 2020 nad 50 let"]
[Site "Rychnov n. K."]
[Date "2020.08.10"]
[Round "3"]
[White "Dolezal, Rudolf"]
[Black "Kozak, Karel"]
[Result "0-1"]
[WhiteElo "1616"]
[BlackElo "1860"]
[EventDate "2020.08.08"]

1. e4  d6  2. d4  g6
3. Nc3  Bg7  4. f4
Nf6  5. Nf3  O-O
6. Bd3  c5  7. e5
Nfd7  8. dxc5  dxe5
9. Ne4  Qc7  10. fxe5
Nxe5  11. O-O  Bg4
12. Be2  Bf5  13. Nxe5
Qxe5  14. Ng3  Qxc5+
15. Kh1  Bxc2  16. Qd2
Nc6  17. Bd3  Bxd3
18. Qxd3  Rad8  19. Qb3
Qb4  20. Qf3  Ne5
21. Qe2  Qc4  22. Qxc4
Nxc4  23. Bg5  f6
24. Rac1  fxg5  25. Rxf8+
Kxf8  0-1

[Event "MCR senioru 2020 nad 50 let"]
[Site "Rychnov n. K."]
[Date "2020.08.10"]
[Round "3"]
[White "Bracha, Pavel"]
[Black "Vorel, Bohuslav"]
[Result "1-0"]
[WhiteElo "1843"]
[BlackElo "1564"]
[EventDate "2020.08.08"]

1. d4  Nf6  2. Nf3  d6
3. Nc3  g6  4. e3
Bg7  5. Bd3  O-O
6. O-O  Nbd7  7. Ne2
c5  8. c3  b6
9. Ng3  Bb7  10. Re1  Rc8
11. Bd2  e5  12. e4
exd4  13. cxd4  h6
14. d5  Ng4  15. Bc3
Bxc3  16. bxc3  Nge5
17. Be2  Nxf3+  18. Bxf3
Ne5  19. Be2  Qc7
20. f4  Nd7  21. c4
Rce8  22. Bd3  Bc8
23. a4  a5  24. Qd2
Kg7  25. Rab1  f6
26. Qb2  Kh7  27. h4
h5  28. f5  Ne5
29. fxg6+  Kxg6  30. Be2  Bg4
31. Qc2  Bxe2  32. Nxe2
Kg7  33. Nf4  1-0

[Event "MCR senioru 2020 nad 50 let"]
[Site "Rychnov n. K."]
[Date "2020.08.10"]
[Round "3"]
[White "Kolibik, Jan"]
[Black "Cermak, Miroslav"]
[Result "1-0"]
[WhiteElo "1612"]
[BlackElo "1837"]
[EventDate "2020.08.08"]

1. c4  b6  2. Nf3  Bb7
3. g3  e6  4. Bg2
Be7  5. Nc3  d6
6. d4  Nd7  7. O-O  g5
8. e4  g4  9. Nd2
h5  10. d5  e5
11. b4  Nh6  12. Nb3  Ba6
13. b5  Bb7  14. a4
Bg5  15. Qd3  Bxc1
16. Raxc1  Qg5  17. Qd2
Qxd2  18. Nxd2  Nc5
19. Rb1  a5  20. Rfd1
Ke7  21. Nb3  Nd7
22. h4  gxh3  23. Bxh3
Nf6  24. f3  Nh7
25. Kf2  Ng5  26. Rh1
Raf8  27. Bf5  Kf6
28. g4  Nxf5  29. gxf5
h4  30. Rh2  Bc8
31. Rbh1  h3  32. Nd2
Rh4  33. Ne2  Rfh8
34. Rg1  Bxf5  35. exf5
Kxf5  36. Ke3  e4
37. Nd4+  Kf6  38. Nxe4+
Nxe4  39. fxe4 Re8 40. Rf2+  Ke7
41. Nf5+ 1-0

[Event "MCR senioru 2020 nad 50 let"]
[Site "Rychnov n. K."]
[Date "2020.08.10"]
[Round "3"]
[White "Zidu, Jan"]
[Black "Lorencova, Jitka"]
[Result "1-0"]
[WhiteElo "1828"]
[BlackElo "1331"]
[EventDate "2020.08.08"]

1. Nf3  Nf6  2. d4  d6
3. c4  Nbd7  4. Bf4
c5  5. d5  a5
6. Nc3  b6  7. e4  g6
8. Qd2  h6  9. h3
Bg7  10. Bd3  Ng8
11. O-O-O  Nb8  12. e5
Kf8  13. exd6 exd6  14. Nb5
Ne7  15. g4  Na6
16. Bxd6  Kg8  17. Rde1
Bf8  18. Qe2  Nb4
19. Bb1  Nexd5  20. Bxf8
Qxf8  21. cxd5  Nxd5
22. Qe5  Be6  23. Bxg6
Nb4  24. a3  fxg6
25. Qxe6+  Kh7  26. Qe7+
Qg7  27. axb4  axb4
28. Kc2  Rhf8  29. Qxg7+
Kxg7  30. Re3  c4
31. Nc7  Rh8 32. Kd1 1-0

[Event "MCR senioru 2020 nad 60 let"]
[Site "Rychnov n. K."]
[Date "2020.08.10"]
[Round "3"]
[White "Janda, Zdenek"]
[Black "Kubala, Karel"]
[Result "1-0"]
[WhiteElo "2068"]
[BlackElo "1896"]
[EventDate "2020.08.08"]

1. d4  Nf6  2. Nf3  b6
3. g3  Bb7  4. Bg2
e6  5. O-O  Be7
6. c4  O-O  7. Nc3  Ne4
8. Qc2  Nxc3  9. Qxc3
d6  10. b3  Nd7
11. Bb2  Bf6  12. Qc2  c5
13. Ng5  Bxg5  14. Bxb7
Rb8  15. Bg2  cxd4
16. Bxd4  Qc7  17. Qb2
e5  18. Bc3  b5
19. cxb5  Rxb5  20. e3  Nc5
21. Qd2  Re8  22. Rac1
Qb8  23. Bc6  Be7
24. Qd5  Rb6  25. Bxe8
Qxe8  26. f4  e4
27. Bd4  Bf8  28. Rc4
Ra6  29. Bxc5  dxc5
30. Rxe4  Qc8  31. Ra4
Rd6  32. Qf3  a6
33. Rc4  Rd2  34. Rf2
Rd3  35. Qe2  Qd7
36. Rc2  Rd1+  37. Kg2
Qc6+  38. Qf3  Qd6
39. e4  Rd3  40. Qe2
f5  41. exf5  Kf7
42. Qe6+  Qxe6  43. fxe6+
Kxe6  44. Rfd2  Rd4
45. Kf3  Kd5  46. Ke3
Be7  47. Rxd4+  cxd4+
48. Kd3  Bd6  49. Rc4
Bc5  50. Ra4  1-0

[Event "MCR senioru 2020 nad 60 let"]
[Site "Rychnov n. K."]
[Date "2020.08.10"]
[Round "3"]
[White "Sobotnik, Petr"]
[Black "Juricek, Stanislav"]
[Result "1/2-1/2"]
[WhiteElo "1901"]
[BlackElo "2058"]
[EventDate "2020.08.08"]

1. c4  Nf6  2. Nc3  c5
3. Nf3  g6  4. d4
cxd4  5. Nxd4  Nc6
6. e3  Bg7  7. Be2
d6  8. O-O  O-O
9. Rb1  Re8  10. b3  a6
11. Bb2  Rb8  12. Rc1
Bd7  13. Qd2  Qb6
14. Rfd1  Rec8  15. Nf3
Qb4  1/2-1/2

[Event "MCR senioru 2020 nad 60 let"]
[Site "Rychnov n. K."]
[Date "2020.08.10"]
[Round "3"]
[White "Novotny, Josef"]
[Black "Vlachopulos, Georgis"]
[Result "1-0"]
[WhiteElo "1968"]
[BlackElo "1884"]
[EventDate "2020.08.08"]

1. e3  d5  2. d3  g6
3. Ne2  Bg7  4. Nd2
e5  5. g3  c6
6. Bg2  Be6  7. d4  f6
8. b3  Qd7  9. h3
Na6  10. Ba3  Ne7
11. Rc1  Rc8  12. c4
O-O  13. O-O  Rfe8
14. Kh2  b5  15. Bxe7
Qxe7  16. cxb5  cxb5
17. Nc3  Qd7  18. Qe2
Nc7  19. dxe5  fxe5
20. b4  a6  21. Nb3
Bf8  22. Nc5  Bxc5
23. bxc5  Qe7  24. Rfd1
Red8  25. Qb2  Qf7
26. Rd2  Ne8  27. Ne2
Qc7  28. f4  e4
29. Nd4  Bf7  30. Rf2  Nd6
31. h4  Nc4  32. Qe2
Qxc5  33. Bh3  Qa3
34. Nb3  Rc6  35. Rg1
Rf6  36. g4  Kh8
37. Rg3  Rf8  38. Qd1
Qd6  39. g5  Rf5
40. Bxf5  gxf5  41. h5
Kg7  42. Nd4  Be8
43. Kg1  Kg8  44. Rfg2
Nxe3  45. Rxe3  Qxf4
46. Re1  Qe5  47. g6
hxg6  48. hxg6  f4
49. Nf3  Qh5  50. Ng5
Qxd1  51. Rxd1  Rf5
52. Rc1  Re5  53. Nh3
f3  54. Rg3  d4
55. Nf2  e3  56. Ng4  f2+
57. Kf1  Re7  58. Nh6+
Kh8  59. Nf5  b4
60. Nxe7  Bb5+  61. Kg2
Kg7  62. Nf5+  Kf6
63. g7  1-0

[Event "MCR senioru 2020 nad 60 let"]
[Site "Rychnov n. K."]
[Date "2020.08.10"]
[Round "3"]
[White "Humlicek, Vojtech"]
[Black "Bartos, Alois"]
[Result "1/2-1/2"]
[WhiteElo "1884"]
[BlackElo "1958"]
[EventDate "2020.08.08"]

1. e4  c5 2. c3 d5  3. exd5  Qxd5
4. Nf3  Nf6  5. Be2
Nc6  6. O-O  e6
7. Na3  Be7  8. Nc2  O-O
9. Ne3  Qd8  10. b3
e5  11. d3  Qc7
12. Re1  Rd8  13. Qc2  b6
14. Bf1  Ng4  15. h3
Nxe3  16. fxe3  Bf5
17. e4  Bg6  18. Qf2
f6  19. Nh4  Bf7
20. Re3  Bf8  21. Rg3
Ne7  22. Be3  Ng6
23. Nf5 1/2-1/2

[Event "MCR senioru 2020 nad 60 let"]
[Site "Rychnov n. K."]
[Date "2020.08.10"]
[Round "3"]
[White "Papay, Jindrich"]
[Black "Lepik, Jaroslav"]
[Result "0-1"]
[WhiteElo "1935"]
[BlackElo "1789"]
[EventDate "2020.08.08"]

1. f4  d5  2. Nf3  Nf6
3. g3  g6  4. Bg2
Bg7  5. O-O O-O 6. c3  c5
7. d3  Nc6  8. Qe1
Qb6  9. Kh1  d4
10. Na3  Be6  11. Ng5  Bd5
12. Ne4  Rad8  13. Nxf6+
Bxf6  14. c4  Bxg2+
15. Kxg2  e6  16. Nc2
Ne7  17. Qf2  Rd7
18. g4  Bg7  19. Ne1
f5  20. h3  Nc6
21. Nf3  e5  22. Ng5  Re7
23. Qf3  e4  24. dxe4
h6  25. gxf5  gxf5
26. h4  hxg5  27. hxg5
Rxe4  28. Rb1  Ne7
29. Bd2  Qe6  30. Rfe1
Qxc4  31. Rbc1  Qd5
32. Kf2  b6  33. a3
Rc8  34. Qh5  Qf7
35. Qf3  c4  36. Bb4
Nd5  37. Bd2  c3
38. bxc3  dxc3  39. g6
Qe6  40. Qd3  Rd4 0-1

[Event "MCR senioru 2020 nad 60 let"]
[Site "Rychnov n. K."]
[Date "2020.08.10"]
[Round "3"]
[White "Malinovsky, Petr"]
[Black "Sysala, Stanislav"]
[Result "1-0"]
[WhiteElo "2081"]
[BlackElo "1678"]
[EventDate "2020.08.08"]

1. d4  e6  2. c4  Nf6
3. Nc3  d5  4. cxd5
Nxd5  5. e4  Nxc3
6. bxc3  c6  7. Nf3
Be7  8. Bd3  O-O
9. O-O  Nd7  10. Be3
Nb6  11. c4  f5
12. exf5  exf5  13. Qd2  Be6
14. Rfc1  Bf6  15. Rab1
Rf7  16. Qc2  Be7
17. Ne5  Rf8  18. c5
Nd5  19. Rxb7  Nxe3
20. fxe3  Bg5  21. Qe2
Qc8  22. Rcb1  f4
23. Qh5  Bh6  24. Qxh6
1-0

[Event "MCR senioru 2020 nad 60 let"]
[Site "Rychnov n. K."]
[Date "2020.08.10"]
[Round "3"]
[White "Vagner, Ladislav"]
[Black "Sedlak, Ludek"]
[Result "1-0"]
[WhiteElo "1883"]
[BlackElo "1919"]
[EventDate "2020.08.08"]

1. d4  d5  2. Nf3  Nf6
3. c4  e6  4. Nc3
a6  5. Bg5  Be7
6. a4  h6  7. Bh4  Ne4
8. Bg3  Bb4  9. Qb3
Nc6  10. e3  Qe7
11. Qc2  b6  12. Bd3
Bxc3+  13. bxc3  Nxg3
14. hxg3  Bb7  15. cxd5
exd5  16. Qe2  Na5
17. Ne5  c5  18. O-O
c4  19. Bf5  Bc8
20. Bc2  Bd7  21. Qf3
Be6  22. Rab1  Rb8
23. e4  Qd6  24. Rfe1
O-O  25. g4  Nc6
26. Rbd1  Nxe5  27. dxe5
Qd7  28. exd5  Bxg4
29. Qe4  g6  30. e6
f5  31. Qxg4  fxg4
32. exd7  1-0

[Event "MCR senioru 2020 nad 60 let"]
[Site "Rychnov n. K."]
[Date "2020.08.10"]
[Round "3"]
[White "Mojzis, Jan"]
[Black "Jindrasek, Mojmir"]
[Result "1/2-1/2"]
[WhiteElo "2125"]
[BlackElo "1811"]
[EventDate "2020.08.08"]

1. e4  c5  2. Nf3  Nc6
3. d4  cxd4  4. Nxd4
Nf6  5. Nc3  d6
6. f3  e5  7. Nb3  Be7
8. Be3  Be6  9. Nd5
Bxd5  10. exd5  Nb8
11. c4  O-O  12. Bd3
b6  13. O-O  Nbd7
14. Rc1  Nc5  15. Bb1
Nfd7  16. Nd2  a5
17. b3  f5  18. a3
f4  19. Bf2  Nf6
20. Bc2  Qc7  21. b4
Ncd7  22. Ba4  Rfc8
23. Rb1  Ra7  24. Qb3
axb4  25. Qxb4  Rb8
26. Bc6  Nc5  27. Bxc5
dxc5  28. Qb3  Bd6
29. Rfe1  Qd8  30. Qd3
g6  31. a4  Kg7
32. Rb3  Re7  33. Ne4  Nxe4
34. fxe4  Rf7  35. Qh3
Re7  36. Reb1  Bc7
37. Qg4  Qd6  38. Ra1
h5  39. Qh3  Rd8
40. Kh1  Rb8  41. a5
bxa5  42. Rxb8  Bxb8
43. Rxa5  Ra7  44. Rxa7+
Bxa7  45. Qc8  Bb8
46. Be8  Qb6  47. h4
Qb1+  48. Kh2  Qe1
49. Qxb8  1/2-1/2

[Event "MCR senioru 2020 nad 60 let"]
[Site "Rychnov n. K."]
[Date "2020.08.10"]
[Round "3"]
[White "Mlynek, Petr"]
[Black "Divis, Libor"]
[Result "1-0"]
[WhiteElo "2100"]
[BlackElo "1801"]
[EventDate "2020.08.08"]

1. d4  d6  2. Nf3  c6
3. c4  Qc7  4. g3
e5  5. Bg2  Nf6
6. Nc3  Be7  7. O-O  O-O
8. e4  a6  9. Qc2
Bg4  10. Be3  Nbd7
11. h3  Bh5  12. Nh4
Bg6  13. f4  h6
14. f5  Bh7  15. Nf3  Nh5
16. g4  Nf4  17. Bxf4
exf4  18. Qd2  g5
19. h4  f6  20. Rfe1
Kg7  21. Re2  Bg8
22. b3  Bf7  23. Rae1
Rfe8  24. Kh1  Rac8
25. Nd1  Rcd8  26. Nf2
c5  27. Nd3  cxd4
28. Nxd4  Ne5  29. Nf2
Rh8  30. h5  Rb8
31. Rd1  Rhd8  32. Bf3
Qb6  33. Kg2  Rbc8
34. Qb2  Qc7  35. Nd3
Qb6  36. Red2  Qc7
37. Nb4  Bf8  38. Nd5
Qb8  39. Qa3  Re8
40. Qa5  Bxd5  41. Qxd5
Nxf3  42. Kxf3  Be7
43. Ne6+  Kh8  44. b4
Qa7  45. Qd4  Qxd4
46. Rxd4  Rc6  47. Ke2
Kg8  48. a4  Rec8
49. Kd3  d5  50. exd5
Rd6  51. c5  Rd7
52. d6  Bd8  53. Ke4
Kf7  54. Kd5  Kg8
55. b5  Be7  56. Ke4
Bd8  57. Rc1  Ba5
58. c6  bxc6  59. bxc6
Ra7  60. d7 1-0

[Event "MCR senioru 2020 nad 70 let"]
[Site "Rychnov n. K."]
[Date "2020.08.10"]
[Round "3"]
[White "Havrlik, Pavel"]
[Black "Sejkora, Vlastimil"]
[Result "0-1"]
[WhiteElo "1840"]
[BlackElo "2185"]
[EventDate "2020.08.08"]

1. c4  Nf6  2. g3  g6
3. Bg2  Bg7  4. e4
d6  5. Ne2  e5
6. O-O  O-O  7. Nbc3  c6
8. h3  a5  9. d4
exd4  10. Nxd4  Nbd7 11. Be3
Re8  12. Nde2  Qe7
13. b3  a4  14. Qd2
axb3  15. axb3 Rxa1  16. Rxa1
Nc5  17. Bxc5  dxc5
18. Rd1  Nd7  19. Qd6
Qxd6  20. Rxd6  Nf8
21. f4  Ne6  22. Na4
Bf8  23. Rd1  f6
24. Nb6  g5  25. Nxc8
Rxc8  26. Kf1  gxf4
27. gxf4  Bh6  28. f5
Nf8  29. Nc3  Be3
30. Rd3 Bd4  31. Ne2  Be5
32. Kf2  Ra8  33. h4
Ra3  34. Rh3  Ra2
35. Kf3  Rb2  36. Bf1
Rxb3+  37. Kg4  Rb1
38. Rf3  b5  39. Nf4
Bxf4  40. Kxf4  Nd7
41. Rg3+  Kf8  42. Be2
Rb2  43. Bh5  Rf2+
44. Ke3  Ra2  45. Kf4
Ne5  46. cxb5  cxb5
47. Rb3  b4  48. Rb1
c4  49. Ke3  b3
50. Be2  Rc2  51. Bd1  Rh2
52. Kd4  Rxh4  53. Kd5
Rh2  54. Bxb3  cxb3
55. Rxb3  h5  56. Ke6
Ng4  57. Rb8+  Kg7
58. Rb7+  Kh6  59. Rb8
Kg5  60. Rg8+  Kf4
61. Rxg4+  hxg4  62. e5
fxe5  63. f6  Rh6
0-1

[Event "MCR senioru 2020 nad 70 let"]
[Site "Rychnov n. K."]
[Date "2020.08.10"]
[Round "3"]
[White "Trojan, Lubos"]
[Black "Zeman, Ladislav"]
[Result "1/2-1/2"]
[WhiteElo "1953"]
[BlackElo "1771"]
[EventDate "2020.08.08"]

1. Nf3  Nf6  2. d4  d5
3. Bg5  e6  4. e3
c6  5. Nbd2  b6
6. Bd3  Nbd7  7. Ne5  c5
8. c3  c4  9. Bc2
a6  10. f4  Bb7
11. Qf3  Qc7  12. Bh4  Be7
13. Bg3  Bd6  14. O-O
b5  15. Rae1  b4
16. Bh4  O-O  17. Re2
bxc3  18. bxc3  g6
19. g4  Ne8  20. Bg5
f5  21. h4  Bxe5
22. fxe5  Ng7  23. Bh6
fxg4  24. Qxg4  Rxf1+
25. Nxf1  Nf5  26. Bxf5
exf5  27. Qg3  Nf8
28. Rg2  Bc6  29. Qf4
Ne6  30. Qxf5  Qf7
31. Qxf7+  Kxf7  32. Rf2+
Ke7  33. Nh2  Rb8
34. Ng4  Rb1+  35. Kh2
Rc1  36. e4  Rxc3
37. exd5  Bxd5  38. Nf6
Nc7  39. Nxh7  Rd3
40. Bg5+  Kd7  41. Nf8+
Kc6  42. Nxg6  Rxd4
43. Ne7+  Kd7  44. Nxd5
Nxd5  45. h5  Rg4
46. Rg2  Re4  47. Bc1
Rh4+  48. Kg1  Rxh5
49. Rg7+  Ke6  50. Rg6+
Kxe5  51. Rxa6  Ke4
52. a4  Nc3  53. Bd2
Ne2+  54. Kg2  Kd3
55. Rd6+  Nd4  56. Be1
Re5  57. Bf2  Re4
58. Bxd4  Rxd4  59. Rxd4+
Kxd4  60. a5  Kc5
61. Kf2  Kb5  62. a6
Kxa6  63. Ke3  Kb5
64. Kd2  1/2-1/2

[Event "MCR senioru 2020 nad 70 let"]
[Site "Rychnov n. K."]
[Date "2020.08.10"]
[Round "3"]
[White "Sedlacek, Jan"]
[Black "Palla, Rostislav"]
[Result "1-0"]
[WhiteElo "1847"]
[BlackElo "1640"]
[EventDate "2020.08.08"]

1. e4  c5  2. Nf3  Nc6
3. Bb5  g6  4. O-O
Bg7  5. c3  Nf6
6. Re1  O-O  7. d4  cxd4
8. cxd4  a6  9. Bf1
d6  10. Nc3  Bg4
11. Be3  Rc8  12. h3
Bxf3  13. Qxf3  Nd7
14. Qd1  f5  15. exf5
Rxf5  16. Bd3  Rf8
17. Qb3+  Kh8  18. Qxb7
Nxd4  19. Bg5  Bf6
20. Bxf6+  Rxf6  21. Qd5
Nf5  22. Bxa6  Rc5
23. Qd2  Ne5  24. Ne4
Nh4  25. Re3  Rf3
26. Nxc5  Qb6  27. Qc3
Rxe3  28. Qxe3  Qxb2
29. Nb3  Nf5  30. Qd2
Qa3  31. Bf1  Qa8
32. Qc3  Kg8  33. a4
Nh4  34. Nd4  Qe4
35. a5  Qxd4  36. Qxd4
Nhf3+  37. gxf3  Nxf3+
38. Kg2  Nxd4 39. a6 1-0

[Event "MCR senioru 2020 nad 70 let"]
[Site "Rychnov n. K."]
[Date "2020.08.10"]
[Round "3"]
[White "Cermak, Tomas"]
[Black "Pavlicek, Petr"]
[Result "0-1"]
[WhiteElo "1690"]
[BlackElo "1860"]
[EventDate "2020.08.08"]

1. f4  d5  2. d4  Nf6 3. e3
g6  4. Bd3  Bg7
5. Nf3  Nc6  6. c3  e6
7. Nbd2  Ng4  8. Qe2
f5  9. O-O  O-O
10. h3  Nf6  11. Ne5  Nxe5
12. fxe5  Ne4  13. Bxe4
fxe4  14. Rxf8+  Qxf8
15. c4  c5  16. b3
cxd4  17. exd4  b6
18. a4  Bh6  19. Ba3
Qf4  20. Nf1  Ba6
21. Bc1  Qf8  22. Bxh6
Qxh6  23. Ne3  Rd8
24. Rd1  Qg5  25. Ng4
Kg7  26. Qe3  Qxe3+
27. Nxe3  Bb7  28. Kf2
Kf7  29. Ng4  h5
30. Nf6  h4  31. Ke3
Rc8  32. Rc1  Ba6
33. c5  bxc5  34. dxc5
Rb8  35. Rb1  Rb4
36. c6  Rb6  37. c7
Rc6  38. b4  Rxc7
39. b5  Bb7  40. b6 Rc3+ 41. Kf4
a6  42. Re1  Rc4
43. a5  d4  44. Ng4
e3  45. g3  hxg3
46. Kxg3  g5  47. Rf1+
Kg7  48. Re1  Rc2
49. h4  gxh4+  50. Kxh4
Kg6  51. Nxe3  dxe3
52. Rxe3  Kf5  53. Rd3
Kf4  54. Kh5  Rh2+
55. Kg6  Be4+ 0-1